000 01051nam a2200301 a 4500
001 20713
003 VRT
005 20260130135646.0
008 950619s1984 xo a 000 1 slo c
035 _aUKB000117236
040 _aBAA001
_bslo
_cBAA001
_eAACR2
041 1 _aslo
044 _axo
_cSK
084 _aW 6(4H)-644.61
_2UKB
100 1 _aHeeresma, Faber
245 0 0 _aBonboniera Pre Belindu
_b-Specialne Pro Spanielsky.-Halo,halo...Ste To Vy, Plotsky? /aut:/faber A Heere Heeresma.Z Holan. Orig.Prel.Julia Majekova.
260 _aBratislava
_bSlov. spis.
_c1984
300 _a440 S.
500 _aZelena Kniznica.-Frontsp
700 1 _aHeeresma, Heere
700 1 _aMájeková, Júlia /prel./
910 _aukb
942 _2ddc
_cKLDO
_n0
949 _6117236-10
_a27.D.12297
_bPV.4477-84
_o1.superrevízia 7.10.2015 Novotná
_s6706:20151007
949 _61800383035
_a27.D.12297
_bKD.465-84
949 _6117236-40
_a27.D.12297
_bKD.466-84
_o1.superrevízia 7.10.2015 Novotná
_s6706:20151007
949 _6117236-20
_aS.D.81105
_bPV.4478-84
999 _c20713
_d20713